[Event "Paracin 2018"]
[Site "Paracin"]
[Date "2018.07.07"]
[Round "2.1"]
[White "Vaishali, R."]
[Black "Georgiev, Kiril"]
[Result "0-1"]
[WhiteElo "2337"]
[BlackElo "2596"]
[PlyCount "98"]
[EventDate "2018.??.??"]

1. b3 d5 2. Bb2 Bg4 3. h3 Bh5 4. Nf3 Nd7 5. e3 e6 6. c4 c6 7. Be2 Ngf6 8. O-O
Bd6 9. d3 O-O 10. Nbd2 Qe7 11. e4 dxe4 12. dxe4 e5 13. Nh4 Bg6 14. Qc2 a5 15.
Nf5 Bxf5 16. exf5 e4 17. Rfe1 e3 18. Bf3 exf2+ 19. Kxf2 Bc5+ 20. Kf1 Qd6 21.
Ne4 Nxe4 22. Qxe4 Qh2 23. Bd4 Rfd8 24. Rad1 Bb4 25. Re3 Bf8 26. Qg4 Re8 27. Kf2
Qc7 28. Qg3 Qxg3+ 29. Kxg3 Bd6+ 30. Kf2 Bc5 31. g4 h6 32. h4 f6 33. Bxc5 Nxc5
34. g5 fxg5 35. hxg5 hxg5 36. Rg1 Rad8 37. Rxe8+ Rxe8 38. Rxg5 Re5 39. Kg3 Nd3
40. Kh4 Kf8 41. Rg4 Re3 42. Kg3 Ne5 43. Rf4 Rc3 44. Kg2 Rc2+ 45. Kg3 Rxa2 46.
Bh5 Ke7 47. Re4 Kf6 48. Bg4 Ra3 49. Re3 a4 0-1

[Event "Paracin 2018"]
[Site "Paracin"]
[Date "2018.07.07"]
[Round "2.2"]
[White "Perunovic, Milos"]
[Black "Sylvan, Jacob"]
[Result "1-0"]
[WhiteElo "2596"]
[BlackElo "2332"]
[PlyCount "123"]
[EventDate "2018.??.??"]

1. e4 c5 2. Nf3 e6 3. d4 cxd4 4. Nxd4 Nc6 5. Nc3 Qc7 6. Be3 a6 7. Qd2 Nf6 8. f4
Bb4 9. Bd3 Na5 10. a3 Bxc3 11. Qxc3 Qxc3+ 12. bxc3 d5 13. e5 Ne4 14. Nb3 Nc4
15. Bxc4 dxc4 16. Na5 Bd7 17. Bd4 Rc8 18. Rb1 b5 19. Ke2 Ke7 20. Rhd1 f5 21.
exf6+ gxf6 22. Ke3 Nc5 23. Rd2 Rhg8 24. Rbd1 Be8 25. Bxc5+ Rxc5 26. g3 h5 27.
Kf3 e5 28. Rd6 h4 29. R1d2 hxg3 30. hxg3 e4+ 31. Kxe4 Rxg3 32. Rxa6 Rc7 33. Rh2
Bg6+ 34. Kd5 Bf7+ 35. Kd4 Rg4 36. Re2+ Kf8 37. Rxf6 Kg7 38. Rf5 Bg6 39. Rxb5
Rxf4+ 40. Ke3 Re7+ 41. Kxf4 Rxe2 42. Rb7+ Kf6 43. Rb6+ Kf7 44. Nc6 Bxc2 45. Nd4
Re4+ 46. Kf3 Bd3 47. a4 Re1 48. a5 Rc1 49. Nb5 Ra1 50. a6 Bf5 51. Ke3 Bd7 52.
Nd6+ Ke7 53. Kd4 Kd8 54. Ne4 Kc7 55. Rh6 Bc8 56. Nc5 Ra2 57. Kxc4 Ra1 58. Rh7+
Kb8 59. Kb5 Rb1+ 60. Kc6 Rc1 61. Rh8 Rxc3 62. Kb6 1-0

[Event "Paracin 2018"]
[Site "Paracin"]
[Date "2018.07.07"]
[Round "2.6"]
[White "Budisavljevic, Luka"]
[Black "Damljanovic, Branko"]
[Result "0-1"]
[WhiteElo "2324"]
[BlackElo "2508"]
[PlyCount "82"]
[EventDate "2018.??.??"]

1. d4 Nf6 2. Nf3 g6 3. c4 Bg7 4. Nc3 d6 5. e4 O-O 6. h3 e5 7. d5 a5 8. Bg5 Na6
9. Be2 Qe8 10. Nd2 Kh8 11. g4 Ng8 12. a3 f6 13. Be3 f5 14. gxf5 gxf5 15. exf5
Bxf5 16. Nde4 Bh6 17. Bxh6 Nxh6 18. Qd2 Bxe4 19. Nxe4 Rf4 20. O-O-O Rxe4 21.
Qxh6 Qf8 22. Qh5 Nc5 23. Rhf1 Qf6 24. Bd3 Rh4 25. Qe2 Rxh3 26. Bc2 Rf8 27. Kb1
Qh6 28. Qg4 Rh4 29. Qg2 Rh2 30. Qg3 Qh3 31. Qg5 Qh4 32. Qd2 b6 33. Qc3 a4 34.
Rfe1 Rfxf2 35. Rxe5 dxe5 36. Qxe5+ Qf6 37. Qe8+ Kg7 38. Rg1+ Rhg2 39. Rxg2+
Rxg2 40. Qh5 Qf1+ 41. Ka2 Qxc4+ 0-1

[Event "Paracin 2018"]
[Site "Paracin"]
[Date "2018.07.07"]
[Round "2.7"]
[White "Lorparizangeneh, Shahin"]
[Black "Konaplev, Anton"]
[Result "1-0"]
[WhiteElo "2493"]
[BlackElo "2316"]
[PlyCount "113"]
[EventDate "2018.??.??"]

1. Nf3 d5 2. g3 Nf6 3. Bg2 e6 4. O-O c5 5. c4 dxc4 6. Na3 Nc6 7. Nxc4 Be7 8. b3
O-O 9. Bb2 Bd7 10. d4 b5 11. Nce5 Rc8 12. dxc5 Bxc5 13. Rc1 Be7 14. Qd3 Nb4 15.
Qb1 Nfd5 16. Rxc8 Qxc8 17. Rc1 Qd8 18. a3 Na6 19. Nxd7 Qxd7 20. Ne5 Qb7 21. b4
Nb8 22. Be4 h6 23. Ng4 Rd8 24. Ne3 Nd7 25. Bxd5 exd5 26. Qc2 Bf6 27. Nf5 Qb6
28. Bxf6 Nxf6 29. Qc7 Qxc7 30. Rxc7 d4 31. Ne7+ Kh7 32. Nc6 d3 33. exd3 Rxd3
34. Rxa7 Ne4 35. Rxf7 Rxa3 36. h4 Rc3 37. Nd4 Kg6 38. Re7 Nxg3 39. fxg3 Rxg3+
40. Kf2 Rc3 41. Re6+ Kh5 42. Rc6 Ra3 43. Rc5+ Kxh4 44. Nf5+ Kg4 45. Nxg7 Kf4
46. Ne6+ Ke4 47. Rxb5 Ra2+ 48. Kg3 Rb2 49. Nc5+ Kd4 50. Na6 Kc4 51. Rc5+ Kb3
52. b5 Ka4 53. Nc7 Rd2 54. b6 Rd8 55. b7 Rb8 56. Rb5 h5 57. Kh4 1-0

[Event "Paracin 2018"]
[Site "Paracin"]
[Date "2018.07.07"]
[Round "2.10"]
[White "Sredojevic, Ivan"]
[Black "Asadli, Vugar"]
[Result "0-1"]
[WhiteElo "2298"]
[BlackElo "2478"]
[PlyCount "96"]
[EventDate "2018.??.??"]

1. Nf3 Nf6 2. g3 d5 3. Bg2 c6 4. O-O Bg4 5. d3 Nbd7 6. Nbd2 e5 7. h3 Bh5 8. Qe1
Be7 9. e4 dxe4 10. dxe4 O-O 11. a4 Qc7 12. Nc4 Rfe8 13. Bd2 b5 14. Ba5 Qb8 15.
axb5 cxb5 16. Ne3 b4 17. Ra4 Qb5 18. b3 Rab8 19. Bc7 Rbc8 20. Ra5 Qb7 21. Bxe5
Bxf3 22. Bxf3 Bd8 23. Bxf6 Bxa5 24. Bb2 Bc7 25. Bg4 Be5 26. Bxd7 Qxd7 27. Bxe5
Rxe5 28. Qxb4 Qxh3 29. Nf5 Rce8 30. Qb7 g6 31. Nd6 Rf8 32. Re1 Rh5 33. e5 Qh2+
34. Kf1 Qh1+ 35. Qxh1 Rxh1+ 36. Ke2 Rxe1+ 37. Kxe1 Rb8 38. Kd2 Kf8 39. Kd3 Ke7
40. Kd4 Ke6 41. f4 f6 42. Ne4 Rd8+ 43. Nd6 h5 44. c4 fxe5+ 45. fxe5 g5 46. c5
h4 47. gxh4 gxh4 48. Ke3 h3 0-1

[Event "Paracin 2018"]
[Site "Paracin"]
[Date "2018.07.07"]
[Round "2.12"]
[White "Omorjan, Dejan"]
[Black "Kosic, Dragan"]
[Result "0-1"]
[WhiteElo "2292"]
[BlackElo "2463"]
[PlyCount "120"]
[EventDate "2018.??.??"]

1. d4 Nf6 2. c4 e6 3. Nf3 Bb4+ 4. Bd2 a5 5. g3 c5 6. Bg2 Nc6 7. a3 Bxd2+ 8.
Qxd2 cxd4 9. Nxd4 O-O 10. Nc3 a4 11. Rc1 d5 12. cxd5 exd5 13. O-O Qb6 14. Rfd1
Be6 15. Nxc6 bxc6 16. Qc2 Qa7 17. e3 Nd7 18. Rd4 Nb6 19. Rh4 g6 20. Bf3 Rfc8
21. Bd1 Nc4 22. Rd4 Rab8 23. Nxa4 c5 24. Rh4 d4 25. Qe2 d3 26. Qxd3 Nxb2 27.
Nxb2 Rxb2 28. Qc3 Ra2 29. Ra4 Qb7 30. Rf4 c4 31. Bg4 f5 32. Bf3 Qb2 33. Qxb2
Rxb2 34. Rc3 Rb3 35. Rc2 c3 36. Kg2 Rxa3 37. Rd4 Rc5 38. Rd3 Kf7 39. h4 h6 40.
Kh2 Kf6 41. Bg2 g5 42. hxg5+ hxg5 43. Kg1 g4 44. f4 gxf3 45. Bxf3 Ke5 46. Bg2
Ra1+ 47. Bf1 Bc8 48. Rdxc3 Rxc3 49. Rxc3 Ba6 50. Kg2 Bxf1+ 51. Kf3 Bh3 52. Rc5+
Kd6 53. Rb5 Bg4+ 54. Kf4 Ra4+ 55. Kg5 Re4 56. Rb3 Kd5 57. Rc3 Rb4 58. Rc8 Ke4
59. Re8+ Kf3 60. Re5 Kxg3 0-1

[Event "Paracin 2018"]
[Site "Paracin"]
[Date "2018.07.07"]
[Round "2.14"]
[White "Colovic, Dusan"]
[Black "Ikeda, Junta"]
[Result "0-1"]
[WhiteElo "2279"]
[BlackElo "2437"]
[PlyCount "70"]
[EventDate "2018.??.??"]

1. d4 f5 2. g3 Nf6 3. Bg2 g6 4. c3 Bg7 5. Qb3 Nc6 6. Nd2 d5 7. Nh3 e6 8. Nf4
Qe7 9. Nf3 O-O 10. h4 Ne4 11. Nd3 Nd8 12. Bf4 Nf7 13. Nfe5 Nxe5 14. Bxe5 c5 15.
Bxg7 Kxg7 16. Bxe4 fxe4 17. Ne5 b6 18. f4 Bb7 19. e3 Ba6 20. Qd1 Rf5 21. Qa4
Bd3 22. Qc6 Rd8 23. Nxd3 exd3 24. O-O-O c4 25. e4 Rd6 26. Qb5 dxe4 27. Qxc4 b5
28. Qb4 Qc7 29. d5 exd5 30. Qd4+ Kg8 31. h5 Qb6 32. Qb4 a5 33. Qb3 Qc5 34. hxg6
Rxg6 35. Rhe1 a4 0-1

[Event "Paracin 2018"]
[Site "Paracin"]
[Date "2018.07.07"]
[Round "2.15"]
[White "Arsovic, Zoran"]
[Black "Cvetkovic, Nemanja"]
[Result "0-1"]
[WhiteElo "2436"]
[BlackElo "2278"]
[PlyCount "76"]
[EventDate "2018.??.??"]

1. d4 Nf6 2. Nf3 e6 3. e3 d5 4. Bd3 c5 5. b3 Nc6 6. O-O Bd6 7. Bb2 Qc7 8. c4
dxc4 9. bxc4 O-O 10. Nc3 a6 11. Rc1 Bd7 12. d5 exd5 13. Nxd5 Nxd5 14. cxd5 Ne7
15. e4 f6 16. Re1 Bf4 17. Rc3 Bg4 18. Kh1 Ng6 19. Be2 b5 20. Nd4 Bd7 21. Bg4
Bxg4 22. Qxg4 Qa5 23. Nc6 Qxa2 24. Qe2 b4 25. Rxc5 Be5 26. Bxe5 Qxe2 27. Rxe2
Nxe5 28. Ne7+ Kf7 29. Rc7 a5 30. Nf5+ Kg8 31. Rxg7+ Kh8 32. f4 Nd3 33. Rc2 Rfc8
34. Rc6 b3 35. Rb7 Rcb8 36. Rcc7 Rxb7 37. Rxb7 b2 38. d6 Nb4 0-1

[Event "Paracin 2018"]
[Site "Paracin"]
[Date "2018.07.07"]
[Round "2.16"]
[White "Sevgi, Volkan"]
[Black "Gukesh, D."]
[Result "0-1"]
[WhiteElo "2277"]
[BlackElo "2433"]
[PlyCount "134"]
[EventDate "2018.??.??"]

1. Nf3 Nf6 2. g3 g6 3. b3 Bg7 4. Bb2 O-O 5. Bg2 d6 6. d4 Nbd7 7. O-O Re8 8.
Nbd2 e5 9. dxe5 dxe5 10. Nc4 e4 11. Nfe5 Qe7 12. Nxd7 Bxd7 13. Qe1 Be6 14. Ne3
Ng4 15. Bxg7 Nxe3 16. fxe3 Kxg7 17. Qc3+ Kg8 18. Bxe4 c6 19. Bf3 Qg5 20. e4 h5
21. Rad1 Bh3 22. Rfe1 Re5 23. Qd2 Qe7 24. Qd4 a6 25. Rd3 Re8 26. Red1 h4 27.
Qf2 Rg5 28. Bh1 Kg7 29. Rf3 Rg4 30. Rf4 hxg3 31. hxg3 Rg5 32. Rh4 Be6 33. Bf3
Qc5 34. Qxc5 Rxc5 35. Rd2 Re5 36. Kf2 b5 37. a3 a5 38. Rh1 Rc5 39. Rb1 Ra8 40.
Ke1 a4 41. b4 Rc3 42. Ra1 Rc8 43. e5 c5 44. bxc5 R8xc5 45. Be4 Rxg3 46. Kf2 Rg4
47. Bd3 Rxe5 48. Rb1 Bd7 49. Rdd1 Bc6 50. Rg1 Rxg1 51. Rxg1 f5 52. Rb1 Kf6 53.
c4 bxc4 54. Bxc4 Rc5 55. Rb4 g5 56. Bd3 Ke5 57. Rb8 f4 58. Ke1 g4 59. Rg8 g3
60. Kd2 g2 61. Rg5+ Kd6 62. Rg6+ Ke7 63. e4 f3 64. Rg7+ Kd8 65. Ke3 Rc1 66. Kf2
Rd1 67. Kxf3 g1=Q 0-1

[Event "Paracin 2018"]
[Site "Paracin"]
[Date "2018.07.07"]
[Round "2.17"]
[White "Martic, Zlatko"]
[Black "Radovanovic, Nikola"]
[Result "0-1"]
[WhiteElo "2264"]
[BlackElo "2425"]
[PlyCount "114"]
[EventDate "2018.??.??"]

1. e4 c5 2. Nf3 e6 3. d4 cxd4 4. Nxd4 Nf6 5. Nc3 d6 6. Be3 a6 7. f3 b5 8. Qd2
Nbd7 9. O-O-O Bb7 10. g4 h6 11. a3 Rc8 12. h4 d5 13. exd5 Nxd5 14. Nxd5 Bxd5
15. Be2 Ne5 16. Kb1 Nc4 17. Bxc4 Rxc4 18. g5 b4 19. b3 Rc3 20. g6 Qa5 21. Ne2
Rc8 22. Nf4 Bc6 23. Rhg1 Be7 24. gxf7+ Kxf7 25. Bd4 Rhg8 26. Nd3 Bd6 27. axb4
Qf5 28. Qe3 Bd5 29. Be5 Bxe5 30. Nxe5+ Ke8 31. Rd2 Rc7 32. Kb2 Ke7 33. c4 Bb7
34. Qd4 Kf6 35. Rg6+ Qxg6 36. Nxg6+ Kxg6 37. Qd3+ Kf7 38. Qd6 Rgc8 39. Rg2 Kg8
40. Qxe6+ Kh8 41. Rf2 Rf8 42. f4 Rcf7 43. Qe5 Rf5 44. Qd4 R5f6 45. Ka3 Re8 46.
Qd7 Bc6 47. Qc7 Re1 48. Rd2 Be8 49. Rd8 Kh7 50. Qb8 Rfe6 51. f5 R6e2 52. b5 a5
53. b4 Re3+ 54. Kb2 R1e2+ 55. Kc1 axb4 56. Rd2 Rc3+ 57. Kd1 Re4 0-1

[Event "Paracin 2018"]
[Site "Paracin"]
[Date "2018.07.07"]
[Round "2.18"]
[White "Popovic, Aleksandar M"]
[Black "Gadimbayli, Abdulla"]
[Result "1/2-1/2"]
[WhiteElo "2264"]
[BlackElo "2420"]
[PlyCount "42"]
[EventDate "2018.??.??"]

1. Nf3 d5 2. c4 c6 3. b3 Nf6 4. Bb2 g6 5. cxd5 cxd5 6. g3 Bg7 7. Bg2 O-O 8. O-O
Nc6 9. Ne5 Nxe5 10. Bxe5 Be6 11. d3 Qd7 12. Nd2 Bh3 13. Nf3 Rfc8 14. Qd2 Bxg2
15. Kxg2 Ne8 16. Bxg7 Nxg7 17. Rac1 Ne6 18. h4 h5 19. Qb4 b6 20. Ne5 Qb7 21. d4
a5 1/2-1/2

[Event "Paracin 2018"]
[Site "Paracin"]
[Date "2018.07.07"]
[Round "2.19"]
[White "Stankovic, Milos"]
[Black "Popovic, Milan S"]
[Result "1/2-1/2"]
[WhiteElo "2420"]
[BlackElo "2264"]
[PlyCount "138"]
[EventDate "2018.??.??"]

1. e4 c5 2. Nf3 d6 3. d4 cxd4 4. Qxd4 Nf6 5. Nc3 Nc6 6. Bb5 Bd7 7. Bxc6 Bxc6 8.
Bg5 e6 9. O-O-O Be7 10. Qd3 Qa5 11. Bd2 Qa6 12. Nd4 Qxd3 13. cxd3 Rc8 14. h3 d5
15. e5 Nd7 16. f4 Bc5 17. Nb3 f6 18. Nxc5 Nxc5 19. Be3 Na4 20. Bd4 Nxc3 21.
bxc3 Kf7 22. Rhf1 f5 23. g4 g6 24. Rf2 a6 25. Rg1 Rhg8 26. Rfg2 h6 27. Kd2 Bb5
28. Ke3 Ba4 29. h4 h5 30. gxf5 gxf5 31. Rg5 Rxg5 32. fxg5 Kg6 33. Rb1 Bb5 34.
a4 Bc6 35. Rb6 Rf8 36. Kf4 Rf7 37. Bc5 Rd7 38. a5 Rf7 39. Bf2 Rc7 40. Ke3 Kf7
41. Bg3 Rc8 42. Kd4 Rc7 43. Bf4 Rc8 44. Bd2 Rc7 45. Bc1 Rc8 46. Be3 Rc7 47. Bd2
Rc8 48. Kc5 Rc7 49. g6+ Kxg6 50. Kd6 Rf7 51. Kxe6 f4 52. Rb1 Bd7+ 53. Kxd5 Kf5
54. d4 Bc6+ 55. Kc5 Be4 56. Rg1 Rc7+ 57. Kd6 Rc6+ 58. Kd7 Bd5 59. Rg5+ Ke4 60.
Rxh5 f3 61. Be1 Ke3 62. e6 Bxe6+ 63. Ke7 Bg4 64. Re5+ Kf4 65. h5 Rc7+ 66. Kf8
Rc8+ 67. Ke7 Rc7+ 68. Kf8 Rc8+ 69. Ke7 Rc6 1/2-1/2

[Event "Paracin 2018"]
[Site "Paracin"]
[Date "2018.07.07"]
[Round "2.21"]
[White "Djordjevic, Vuk"]
[Black "Uzumcu, Ahmet Utku"]
[Result "1-0"]
[WhiteElo "2403"]
[BlackElo "2261"]
[PlyCount "133"]
[EventDate "2018.??.??"]

1. e4 c5 2. Ne2 d6 3. g3 Nf6 4. Bg2 g6 5. c3 e5 6. d4 Nbd7 7. Nd2 Qc7 8. O-O
Bg7 9. b3 O-O 10. Bb2 Rd8 11. Rc1 b5 12. h3 Bb7 13. f4 exf4 14. gxf4 Re8 15.
Ng3 cxd4 16. cxd4 Qb6 17. Kh2 Rac8 18. Rxc8 Rxc8 19. b4 a5 20. Qb3 Nb8 21. a3
axb4 22. axb4 Qc7 23. Rc1 Qd7 24. Rxc8+ Qxc8 25. d5 Qd7 26. Bc3 Qc8 27. Ne2
Nbd7 28. Bd4 Qc7 29. Qd3 Ba6 30. Nb3 Qc4 31. Qxc4 bxc4 32. Nbc1 Bh6 33. Bf3 Kf8
34. Na2 Ne8 35. Nac3 Nc7 36. Kg3 Ke7 37. h4 Kd8 38. Bg4 Bf8 39. Ng1 Be7 40. Be2
Kc8 41. Nf3 Kd8 42. Nd2 Nf6 43. Bxc4 Nh5+ 44. Kg4 Bc8+ 45. f5 Nf6+ 46. Kf4 Nh5+
47. Kg4 Nf6+ 48. Kf3 gxf5 49. exf5 Bxf5 50. b5 Kc8 51. b6 Na8 52. Ba6+ Kb8 53.
Nc4 Bd3 54. Ke3 Bxc4 55. Bxc4 Nd7 56. h5 Naxb6 57. Bd3 h6 58. Ke4 Nf6+ 59. Kf5
Nbxd5 60. Nxd5 Nxd5 61. Bc4 Nc7 62. Bxf7 Bg5 63. Kg6 Kc8 64. Bg7 Kd7 65. Bxh6
Be7 66. Bg7 d5 67. h6 1-0

[Event "Paracin 2018"]
[Site "Paracin"]
[Date "2018.07.07"]
[Round "2.22"]
[White "Jocev, Milan"]
[Black "Radovanovic, Mihajlo"]
[Result "0-1"]
[WhiteElo "2256"]
[BlackElo "2402"]
[PlyCount "127"]
[EventDate "2018.??.??"]

1. d4 Nf6 2. Nf3 g6 3. g3 Bg7 4. Bg2 O-O 5. O-O d6 6. c4 Nc6 7. Nc3 Bf5 8. d5
Na5 9. Nd2 c5 10. e4 Bd7 11. Qc2 a6 12. b3 e5 13. Bb2 h5 14. Nd1 h4 15. Ne3 b5
16. f4 hxg3 17. hxg3 Nh5 18. Rf3 Nxg3 19. Rxg3 exf4 20. Bxg7 Kxg7 21. Qc3+ f6
22. Nf5+ Bxf5 23. exf5 fxg3 24. Qxg3 g5 25. Re1 bxc4 26. bxc4 Rb8 27. Re6 Rb6
28. Qg4 Rh8 29. Nf3 Kf7 30. Nd2 Rh4 31. Qf3 Rb2 32. Ne4 Nxc4 33. Qc3 Rb1+ 34.
Kf2 Rf4+ 35. Ke2 Rb2+ 36. Kd1 Rxe4 37. Bxe4 Rd2+ 38. Kc1 Rd4 39. Qh3 Kg7 40.
Qh5 Ne5 41. Re8 Rc4+ 42. Bc2 Rh4 43. Rxd8 Rxh5 44. Rxd6 Rh1+ 45. Bd1 Nc4 46.
Re6 Ne5 47. d6 Rh4 48. Re7+ Kh6 49. Re6 Kg7 50. Re7+ Kf8 51. Re6 Kg7 52. Re7+
Kf8 53. Re6 Rc4+ 54. Kd2 Rd4+ 55. Kc2 Kg7 56. Re7+ Kh6 57. Re6 Nd7 58. Be2 g4
59. Bxa6 Kg5 60. Bb5 Ne5 61. a4 Kxf5 62. Re8 Rxd6 63. a5 Nc6 64. Bd3+ 0-1

[Event "Paracin 2018"]
[Site "Paracin"]
[Date "2018.07.07"]
[Round "2.23"]
[White "Mcphillips, Joseph"]
[Black "Bratkovic, Jakob"]
[Result "0-1"]
[WhiteElo "2402"]
[BlackElo "2253"]
[PlyCount "122"]
[EventDate "2018.??.??"]

1. e3 Nf6 2. b3 g6 3. Bb2 Bg7 4. Be2 O-O 5. Nf3 d5 6. O-O c5 7. c4 d4 8. exd4
Nh5 9. Ne5 Nf4 10. dxc5 Nd7 11. d4 Nxe5 12. dxe5 Qc7 13. Nc3 Qxe5 14. Bf3 Qxc5
15. Ne4 Qc7 16. Bxg7 Kxg7 17. Qd4+ Kg8 18. Rad1 Ne6 19. Qe3 Bd7 20. Nc3 Bc6 21.
Bd5 Ng7 22. Rfe1 Nf5 23. Qc5 Qc8 24. Bxc6 bxc6 25. h3 h5 26. Rd3 h4 27. Red1
Qe6 28. R3d2 a5 29. Na4 Kh7 30. Nb6 Rfd8 31. Kf1 Rxd2 32. Rxd2 Qe4 33. Re2 Qf4
34. Re1 Rd8 35. Kg1 Rd2 36. Rf1 Nd4 37. Kh1 Rxf2 38. Rxf2 Qxf2 39. Nd7 Qf1+ 40.
Kh2 Qf4+ 41. Kh1 Ne2 42. Qa7 c5 43. Qxc5 Ng3+ 44. Kh2 Ne4+ 45. Kh1 Nxc5 46.
Nxc5 Qd4 47. Na4 Qa1+ 48. Kh2 Qxa2 49. Nc5 Qb2 50. Kh1 Qa1+ 51. Kh2 Qe5+ 52.
Kg1 Qxc5+ 53. Kf1 Qb4 54. c5 Qxb3 55. Kf2 a4 56. c6 a3 57. c7 Qb6+ 58. Kf3 Qxc7
59. g3 a2 60. gxh4 a1=Q 61. h5 Qac3+ 0-1

[Event "Paracin 2018"]
[Site "Paracin"]
[Date "2018.07.07"]
[Round "2.24"]
[White "Parnali, S Dharia"]
[Black "Rahul, Srivatshav P"]
[Result "1-0"]
[WhiteElo "2170"]
[BlackElo "2397"]
[PlyCount "135"]
[EventDate "2018.??.??"]

1. d4 Nf6 2. c4 g6 3. Nc3 Bg7 4. Nf3 O-O 5. g3 d6 6. Bg2 c6 7. O-O Qa5 8. Bd2
Qh5 9. Re1 e5 10. Bg5 Bf5 11. dxe5 dxe5 12. Qd6 Nbd7 13. Bxf6 Bxf6 14. Ne4 Bxe4
15. Qxd7 Qf5 16. Rad1 Rab8 17. Bh3 Qxd7 18. Rxd7 c5 19. Rd6 Be7 20. Rd7 Bf6 21.
Rd6 Kg7 22. Red1 Bc6 23. Bd7 Bxd7 24. Rxd7 e4 25. Nd2 Rfe8 26. b3 e3 27. Nf3 g5
28. R1d5 g4 29. Nh4 exf2+ 30. Kxf2 Re4 31. Nf5+ Kg6 32. Rxc5 Rbe8 33. e3 b6 34.
Rcd5 R8e6 35. Rxa7 Bg5 36. Ra8 Bxe3+ 37. Nxe3 Rxe3 38. Rg8+ Kf6 39. Rxg4 Re2+
40. Kg1 Re1+ 41. Kg2 R1e2+ 42. Kh3 Rxa2 43. Rf4+ Kg6 44. Rg4+ Kf6 45. Rf4+ Kg6
46. Rd8 Kg7 47. Rd7 Rh6+ 48. Kg4 Rg6+ 49. Kf3 Rxh2 50. Rfxf7+ Kg8 51. Rfe7 Rf6+
52. Ke3 Rf8 53. Rb7 Rh3 54. Rg7+ Kh8 55. Rg4 Rh6 56. Kd4 Rd8+ 57. Kc3 Rhd6 58.
Kb4 Rc8 59. Rgg7 h6 60. Rh7+ Kg8 61. Rbg7+ Kf8 62. Rd7 Rxd7 63. Rxd7 Rc6 64.
Kb5 Rg6 65. b4 Rg4 66. Rh7 Rg6 67. Rb7 Rxg3 68. Kxb6 1-0

[Event "Paracin 2018"]
[Site "Paracin"]
[Date "2018.07.07"]
[Round "2.25"]
[White "Uuriintuya, Uurtsaikh"]
[Black "Peng, Shunkai"]
[Result "0-1"]
[WhiteElo "2158"]
[BlackElo "2390"]
[PlyCount "192"]
[EventDate "2018.??.??"]

1. e4 c5 2. Nf3 d6 3. d4 cxd4 4. Nxd4 Nf6 5. Nc3 a6 6. a4 g6 7. Be2 Bg7 8. Be3
Nc6 9. O-O O-O 10. Qd2 Bd7 11. f3 Rc8 12. Rfd1 Ne5 13. Nd5 Nxd5 14. exd5 Qc7
15. b3 Qc3 16. Bf2 Qxd2 17. Rxd2 Rc3 18. Rdd1 g5 19. Be1 Rcc8 20. c4 Ng6 21.
Ra2 Rfe8 22. Bf2 h6 23. b4 e6 24. dxe6 fxe6 25. Nb3 Be5 26. Na5 Nf4 27. Bf1 Rb8
28. g3 Ng6 29. c5 d5 30. Nb3 Ra8 31. Na5 Rab8 32. Nb3 Ra8 33. Na5 Rab8 34. Nc4
Bc7 35. Be2 Red8 36. Ne3 Ra8 37. Be1 Be5 38. Bd3 Be8 39. Kg2 Bg7 40. Bc2 Ne5
41. Bb3 Nc6 42. Bc2 a5 43. b5 Nb4 44. Bxb4 axb4 45. Bb3 Rdc8 46. Rc1 Bd4 47.
Re2 Bf7 48. Ng4 Kg7 49. Ne5 Rxc5 50. Rxc5 Bxc5 51. Rc2 Bd6 52. Nxf7 Kxf7 53.
Kf2 Ke7 54. Ke3 Kd7 55. Rc1 Bc7 56. Kd3 Rf8 57. Bd1 h5 58. Ra1 b6 59. Ra2 Rh8
60. Rg2 Bd6 61. Bb3 Rf8 62. Bd1 Bc5 63. Ra2 Ra8 64. Rg2 Kd6 65. h4 gxh4 66.
gxh4 Rf8 67. Rg5 Rf4 68. Rxh5 Bf2 69. Rh8 Bxh4 70. Rc8 Bf2 71. Rc6+ Kd7 72. Ke2
Bg1 73. Bb3 Rh4 74. Rc1 Rh2+ 75. Kd3 Rg2 76. Ra1 Kd6 77. Rc1 Bc5 78. Rh1 Rb2
79. Bd1 Ra2 80. Bb3 Rf2 81. Bd1 b3 82. Bxb3 Rxf3+ 83. Kc2 Bd4 84. Rb1 e5 85.
Kd2 e4 86. Bd1 Rg3 87. Be2 Bc3+ 88. Kc2 d4 89. Bf1 Rf3 90. Rd1 Kc5 91. Rb1 Ba5
92. Rd1 d3+ 93. Kb3 Kd4 94. Be2 Rf2 95. Bh5 e3 96. Rg1 e2 0-1

[Event "Paracin 2018"]
[Site "Paracin"]
[Date "2018.07.07"]
[Round "2.26"]
[White "Tugstumur, Yesuntumur"]
[Black "Wadsworth, Matthew J"]
[Result "1/2-1/2"]
[WhiteElo "2116"]
[BlackElo "2377"]
[PlyCount "107"]
[EventDate "2018.??.??"]

1. d4 Nf6 2. c4 c5 3. d5 e6 4. Nc3 exd5 5. cxd5 d6 6. e4 g6 7. Bd3 Bg7 8. h3
O-O 9. Nf3 Nh5 10. O-O a6 11. a4 Nd7 12. Re1 Re8 13. Bg5 Bf6 14. Be3 Ne5 15.
Be2 Nxf3+ 16. Bxf3 Ng7 17. Qc2 Bd7 18. Be2 Rb8 19. a5 Bg5 20. Bf1 Bxe3 21. Rxe3
Qg5 22. Rae1 f5 23. e5 f4 24. Re4 Bxh3 25. f3 dxe5 26. d6 Nh5 27. Qb3+ Kg7 28.
Qd5 Nf6 29. Qxc5 Nd7 30. Qf2 Be6 31. Na4 Bd5 32. Rb4 Bc6 33. Nc5 Nxc5 34. Qxc5
Rbc8 35. Rd1 Qf5 36. Qf2 Qd7 37. Bc4 Rcd8 38. Bb3 Qf5 39. Qc5 Rd7 40. Bd5 Bb5
41. Rxb5 axb5 42. Qxb5 e4 43. fxe4 Qg4 44. Rf1 Re5 45. Rxf4 Qd1+ 46. Qf1 Qd4+
47. Qf2 Qd1+ 48. Qf1 Rxd5 49. exd5 Qxd5 50. Qc4 Qd1+ 51. Kh2 Qxd6 52. Qc3+ Kg8
53. Qc4+ Kg7 54. Qc3+ 1/2-1/2

[Event "Paracin 2018"]
[Site "Paracin"]
[Date "2018.07.07"]
[Round "2.27"]
[White "Harshini, A."]
[Black "Harvey, Marcus R"]
[Result "0-1"]
[WhiteElo "2037"]
[BlackElo "2362"]
[PlyCount "132"]
[EventDate "2018.??.??"]

1. e4 e6 2. d4 d5 3. Nc3 Nf6 4. Bg5 dxe4 5. Nxe4 Be7 6. Bxf6 gxf6 7. Nf3 f5 8.
Nc3 a6 9. Qd2 b5 10. O-O-O Qd6 11. Kb1 Bb7 12. Ne2 Nd7 13. Qf4 O-O-O 14. Qxd6
Bxd6 15. Ng5 Rdf8 16. f3 Nf6 17. Nc3 Rhg8 18. Nh3 Rd8 19. Nf2 Bb4 20. Ne2 Nd5
21. c3 Bf8 22. Rd3 Bh6 23. Nd1 Nb6 24. Nc1 Nc4 25. Nb3 f6 26. g3 Rd6 27. Kc2
Be4 28. fxe4 fxe4 29. Rd2 Nxd2 30. Nxd2 Bxd2 31. Kxd2 c5 32. Ke3 f5 33. Bh3
Rgd8 34. Nf2 cxd4+ 35. cxd4 Rxd4 36. g4 Rd3+ 37. Nxd3 Rxd3+ 38. Kf4 Rxh3 39.
gxf5 Rf3+ 40. Kxe4 Rxf5 41. Rc1+ Kd7 42. Rc2 Kd6 43. Rd2+ Rd5 44. Rf2 Re5+ 45.
Kd3 Rh5 46. Ke4 Rh4+ 47. Kf3 Kc5 48. Rd2 e5 49. Ke3 a5 50. Kf3 Ra4 51. Rc2+ Kd5
52. b3 Rf4+ 53. Ke3 Rh4 54. Kf3 h5 55. Kg3 Rg4+ 56. Kf3 e4+ 57. Ke3 Rh4 58.
Rd2+ Ke5 59. Rg2 Rh3+ 60. Ke2 Kd4 61. Kd2 b4 62. Re2 Rd3+ 63. Kc2 Rc3+ 64. Kd1
Rf3 65. Kd2 Rf1 66. Rg2 Ra1 0-1

[Event "Paracin 2018"]
[Site "Paracin"]
[Date "2018.07.07"]
[Round "2.28"]
[White "Tomic, Aleksandar"]
[Black "Danaci, Ege"]
[Result "1-0"]
[WhiteElo "2347"]
[BlackElo "1902"]
[PlyCount "99"]
[EventDate "2018.??.??"]

1. d4 Nf6 2. c4 g6 3. Nc3 Bg7 4. e4 d6 5. f3 O-O 6. Bg5 c5 7. d5 a6 8. a4 e6 9.
Qd2 exd5 10. cxd5 Nbd7 11. Nh3 Re8 12. Be2 h6 13. Be3 Ne5 14. Nf2 Kh7 15. O-O
Nh5 16. f4 Qh4 17. fxe5 Bxe5 18. Nh3 Bxh3 19. Rxf7+ Kg8 20. Bf2 Bd4 21. Bxd4
cxd4 22. Raf1 Qg5 23. Qxg5 hxg5 24. Nb1 Nf4 25. R7xf4 gxf4 26. gxh3 Rxe4 27.
Bf3 Re3 28. Bg4 b5 29. Nd2 bxa4 30. Rxf4 Rb8 31. Nc4 Re1+ 32. Kf2 Rc1 33. Rxd4
Rb4 34. Be2 Rh1 35. Bf1 Rxh2+ 36. Bg2 Kg7 37. Kg1 Rxg2+ 38. Kxg2 Kf6 39. h4 Rb3
40. Kf2 Kf5 41. Ke2 Rh3 42. Kd2 Rb3 43. Kc2 Rh3 44. Kb1 Rb3 45. Rd2 a3 46.
Nxd6+ Kf6 47. Nc4 axb2 48. d6 Rb8 49. d7 Ke7 50. Na5 1-0

[Event "Paracin 2018"]
[Site "Paracin, Hotel Petrus"]
[Date "2018.07.07"]
[Round "2.31"]
[White "Ongut, Tamas Gunes"]
[Black "Savic, Miodrag R"]
[Result "0-1"]
[WhiteElo "2185"]
[BlackElo "2541"]
[PlyCount "96"]
[EventDate "2018.07.06"]

1. e4 d5 2. exd5 Qxd5 3. Nc3 Qa5 4. d4 c6 5. Bc4 Bf5 6. g4 Be4 7. Nf3 Bd5 8.
Bd3 e6 9. Bd2 Qc7 10. Nxd5 cxd5 11. Qe2 Nc6 12. c3 Bd6 13. O-O Nge7 14. Rfe1
Bf4 15. h3 Ng6 16. Bxg6 hxg6 17. Kg2 O-O-O 18. Bxf4 Qxf4 19. Qe3 Qc7 20. Ne5
Rh6 21. Nxc6 bxc6 22. f4 Rdh8 23. Rh1 Kd7 24. Rae1 Qd6 25. b4 Rb8 26. Rb1 Rhh8
27. Rhf1 a5 28. a3 axb4 29. axb4 Ra8 30. Ra1 Qb8 31. Rxa8 Qxa8 32. Re1 Re8 33.
Qd3 Qb8 34. Qe3 Ke7 35. Ra1 Kf8 36. Qe5 Qb7 37. Qd6+ Kg8 38. Qc5 Qb8 39. Rf1
Qa8 40. Rf2 Qa4 41. Qb6 Ra8 42. Qc5 Qd1 43. Qxc6 Ra1 44. Qe8+ Kh7 45. Qxf7 Qg1+
46. Kf3 Rd1 47. Ke2 Re1+ 48. Kf3 Qh1+ 0-1